000 003020000a22001450004500
003 MACL
040 _aMACL
090 _c2814
_d2814
100 _aWaines david
245 _aAn Introduction To Islam
260 _bCambridge University
_c1995
350 _a395
650 _aReligion
942 _cBOOK
_k294
999 _c2795
_d2795